000 00870cam a2200241 4500
001 WS114263
008 010822n 000 0 eng u
035 _a(Sirsi) u114263
110 _aCanadian Real Estate Association
_94118
245 _aCanadian Real Estate Association
520 _aWeb site for this Canadian property organisation. Includes statistics on house sales, details of their lobbying of federal government, a guide to buying and selling houses and their code of ethics.
650 _aGLOSSARY
650 _aCANADA
650 _aINTERNATIONAL
650 _aCODE OF ETHICS
650 _aSTATISTICS
650 _aHOUSE SALES
650 _aORGANISATION
650 _aLEGISLATION
690 _aMANAGEMENT-BUSINESS MANAGEMENT-PROFESSIONAL PRACTICE
856 4 0 _uhttps://www.crea.ca/
_zView the website free of charge at www.crea.ca
942 _n0
999 _c119860
_d119860